Treasury Memorandum on Public Accounts Committee Reports For the years 2004-2006 (Record no. 1054)
[ view plain ]
| 000 -LEADER | |
|---|---|
| fixed length control field | 00406nam a22001217a 4500 |
| 008 - FIXED-LENGTH DATA ELEMENTS--GENERAL INFORMATION | |
| fixed length control field | 230612b xxu||||| |||| 00| 0 eng d |
| 082 ## - DEWEY DECIMAL CLASSIFICATION NUMBER | |
| Classification number | 354.62 |
| Item number | GOK |
| 100 ## - MAIN ENTRY--PERSONAL NAME | |
| Titles and words associated with a name | Government of Kenya |
| 245 ## - TITLE STATEMENT | |
| Title | Treasury Memorandum on Public Accounts Committee Reports For the years 2004-2006 |
| Remainder of title | Office of the Deputy Prime Minister and Ministry of Finance |
| 260 ## - PUBLICATION, DISTRIBUTION, ETC. (IMPRINT) | |
| Place of publication, distribution, etc. | Kenya |
| Name of publisher, distributor, etc. | GOK |
| Date of publication, distribution, etc. | 2006 |
| 300 ## - PHYSICAL DESCRIPTION | |
| Extent | 293p |
| 942 ## - ADDED ENTRY ELEMENTS (KOHA) | |
| Source of classification or shelving scheme | Dewey Decimal Classification |
| Koha item type | Books |
No items available.
